Colours of the Rainbow - Statistics

General Stats
  • This quiz has been taken 15 times
  • The average score is 6 of 7
Answer Stats
Answer % Correct
Orange
100%
Red
100%
Blue
93%
Yellow
93%
Green
86%
Violet
79%
Indigo
71%
No matching quizzes found
Score Distribution
Percent of People with Each Score
Percentile by Number Answered
Your Score History
You have not taken this quiz